|
|
|
|
| LEADER |
01739nam a2200313 u 4500 |
| 001 |
10089565 |
| 003 |
upatras |
| 005 |
20220923101047.0 |
| 008 |
110411s1849 ge eng |
| 040 |
|
|
|a GR-PaULI
|c GR-PaULI
|
| 041 |
0 |
|
|a eng
|
| 082 |
0 |
4 |
|a 823.8
|
| 100 |
1 |
|
|a Dickens, Charles,
|d 1812-1870
|4 aut
|9 2569
|
| 245 |
1 |
0 |
|a The personal history and experience of David Copperfield the younger of Blunderstone rookery
|c Charles Dickens
|
| 260 |
|
|
|a Leipzig
|b Bernhard Tauchnitz
|c 1849
|
| 300 |
|
|
|a 3 τ.
|c 17 εκ.
|
| 490 |
0 |
|
|a Collection of British authors
|
| 505 |
0 |
|
|a τ.1. - 322 σ. --
|a τ.2. - 386 σ. --
|a τ.3. - 430 σ. --
|
| 650 |
|
4 |
|a Αγγλικό μυθιστόρημα
|y 19ος αιώνας
|9 31024
|
| 760 |
0 |
|
|a Collection of British authors
|
| 852 |
|
|
|a GR-PaULI
|b ΠΑΤΡΑ
|b ΒΚΠ
|b ΑΝΤ
|k ΟΧΙΔ
|h 823.8 DIC
|m 049319
|p 025000064454
|t 1
|3 v.1
|
| 852 |
|
|
|a GR-PaULI
|b ΠΑΤΡΑ
|b ΒΚΠ
|b ΑΝΤ
|k ΟΧΙΔ
|h 823.8 DIC
|m 049318
|p 025000064455
|t 1
|3 v.2
|
| 852 |
|
|
|a GR-PaULI
|b ΠΑΤΡΑ
|b ΒΚΠ
|b ΑΝΤ
|k ΟΧΙΔ
|h 823.8 DIC
|m 049320
|p 025000064457
|t 1
|3 v.3
|
| 942 |
|
|
|2 ddc
|c BKN
|
| 952 |
|
|
|0 0
|1 0
|3 v.1
|4 0
|6 823_800000000000000_DIC
|7 0
|9 97150
|a LISP
|b LISP
|c DON
|d 2016-04-24
|i 049319
|l 0
|o 823.8 DIC
|p 025000064454
|r 2016-04-24 00:00:00
|t 1
|w 2016-04-24
|y BKN
|
| 952 |
|
|
|0 0
|1 0
|3 v.2
|4 0
|6 823_800000000000000_DIC
|7 0
|9 97151
|a LISP
|b LISP
|c DON
|d 2016-04-24
|i 049318
|l 0
|o 823.8 DIC
|p 025000064455
|r 2016-04-24 00:00:00
|t 1
|w 2016-04-24
|y BKN
|
| 952 |
|
|
|0 0
|1 0
|3 v.3
|4 0
|6 823_800000000000000_DIC
|7 0
|9 97152
|a LISP
|b LISP
|c DON
|d 2016-04-24
|i 049320
|l 0
|o 823.8 DIC
|p 025000064457
|r 2016-04-24 00:00:00
|t 1
|w 2016-04-24
|y BKN
|
| 998 |
|
|
|c ΜΠΟΥΡΑΣ
|d 2011-04
|
| 999 |
|
|
|c 65275
|d 65275
|